Steven Soderbergh Cast - Sudden Death - Statistics

General Stats
  • This quiz has been taken 14 times
  • The average score is 11 of 31
Answers on the Grid
Answers color-coded by a green-red scale on the quiz's grid according to % correct below.
Matt Damon
Gina Carano
Jennifer Lopez
Bai Ling
Kevin Bacon
Benny Safdie
Carl Weathers
Seth MacFarlane
Ving Rhames
Jesse Ventura
Mike Myers
Viola Davis
Maggie Gyllenhaal
Kurt Russell
Lucy Liu
Meryl Streep
Al Pacino
James Caan
Daniel Craig
Bill Duke
Julia Roberts
Gary Oldman
Chris Hemsworth
Riz Ahmed
Ray Liotta
Goldie Hawn
Scott Caan
Hilary Swank
Dave Bautista
Bill Paxton
Ewan McGregor
Jonah Hill
Zazie Beetz
Natalie Portman
Don Cheadle
Brad Pitt
Bill Pullman
Qin Shaobo
Patton Oswalt
Bernie Mac
Andy Garcia
Tobey Maguire
Scott Adkins
Channing Tatum
Casey Affleck
Meryl Streep
Frank Oz
Antonio Banderas
Thomas Jane
George Clooney
 
Answer Stats
Answer % Correct
Matt Damon
100%
Andy Garcia
78%
Brad Pitt
67%
George Clooney
67%
Jennifer Lopez
67%
Julia Roberts
67%
Bernie Mac
56%
Casey Affleck
56%
Channing Tatum
56%
Don Cheadle
56%
Antonio Banderas
44%
Scott Caan
44%
Al Pacino
33%
Daniel Craig
33%
Gina Carano
33%
Meryl Streep
33%
Meryl Streep
33%
Viola Davis
33%
Lucy Liu
22%
Seth MacFarlane
22%
Ving Rhames
22%
Bill Duke
11%
Ewan McGregor
11%
Hilary Swank
11%
Tobey Maguire
11%
Zazie Beetz
11%
Bill Paxton
0%
Gary Oldman
0%
Patton Oswalt
0%
Qin Shaobo
0%
Ray Liotta
0%
No matching quizzes found
Score Distribution
Percent of People with Each Score
Percentile by Number Answered
Your Score History
You have not taken this quiz